000 00664nam a2200229Ia 4500
003 OSt
005 20250221144700.0
008 210716s2004 xx 000 0 und d
020 _a8129705249
040 _cAIMIT LIBRARY
041 _aeng
082 _a006.671
_23
_bECKB
100 _aEckel, Bruce.
_9201745
245 _aThinking in java /
_cBy Bruce Eckel.
250 _a3rd.
260 _aNew Delhi :
_bPearson Education ,
_c2004.
300 _a1119p. ;
_bPB
_c24.5 cm
650 _aInterfaces and inner classes
_9201746
650 _aCreating windows and applets
_9201747
650 _aAnalysis and design
_9201748
942 _2ddc
_cBK
_e3rd
_k006.671 ECKB
999 _c186411
_d186411